Novel PAPA...(akhirnya kau tewas jua!)
| Main Author: | |
|---|---|
| Format: | Book |
| Published: |
Ampang :
Pekan Ilmu Publications Sdn. Bhd. ,
2010
|
| Subjects: |
MARC
| LEADER | 00000cam a2200000 7i4500 | ||
|---|---|---|---|
| 001 | 0000136320 | ||
| 005 | 20100812.0 | ||
| 020 | |a 9789675106842 | ||
| 090 | 0 | 0 | |a 899.2309 |b SHA |
| 100 | 0 | |a Sharif Shaary | |
| 245 | 1 | 0 | |a Novel PAPA...(akhirnya kau tewas jua!) |c Sharif Shaary |
| 260 | |a Ampang : |b Pekan Ilmu Publications Sdn. Bhd. , |c 2010 | ||
| 300 | |a 133p. ; |c 21cm. | ||
| 650 | 0 | 0 | |a Malay literature |x SPM |
| 999 | |a 00236890 |b BUKU |c PINJAMAN |e PERPUSTAKAAN KOMUNITI PETALING JAYA | ||
| 999 | |a 00236891 |b BUKU |c PINJAMAN |e PERPUSTAKAAN KOMUNITI PETALING JAYA | ||